000
00255nam a22001097a 4500
008
170112b xxu||||| |||| 00| 0 eng d
020
_a
9780323036887
041
_a
eng
080
_2
7th
_a
618.2
245
_a
MEDICAL-SURGICAL NURSING
_c
LEWIS
942
_2
udc
_c
BK
999
_c
2792
_d
2792